• 首页
  • 本馆介绍
  • 公告通知
  • 最新文献
  • 馆藏检索
  • 电子资源
  • 读者导购
  • 参考咨询
  • 我的图书馆
  • 登录
  • 详细信息显示
  • 放入我的书架
  • 预约/预借图书
  • 作者相关作品
  • 分类相关作品
  • 丛书相关作品
  • 出版社相关作品

书目信息

  • 表格格式
  • 工作单格式
  • 卡片格式
题名:
霍懋征语文教学经验选编
    
 
作者: 高惠莹 编
分册:  
出版信息: 北京   人民教育出版社  1983
页数: 337页
开本: 19cm
丛书名:
单 册:
中图分类: H193 , G633.3
科图分类:
主题词: 汉语-语言教学--经验 , 语言教学-汉语--经验
电子资源:
ISBN:
000 00720nam0 2200265 45
001 0183011470
005 20040430084636.6
010    @dCNY1.05
091    @a7012.0655
100    @a19950308d1983 emky0chiy0121 ea
101 0  @achi
102    @aCN@b110000
105    @ay z 000yy
106    @ar
200 10 @a霍懋征语文教学经验选编@Ahuo mao zheng yu wen jiao xue jing yan xuan bian@f高惠莹
210    @a北京@c人民教育出版社@d1983
215    @a337页@d19cm
606    @a汉语-语言教学@x经验
606    @a语言教学-汉语@x经验
690    @aH193@v3
690    @aG633.3
701  0 @a高惠莹@Agao hui ying@4编
801  0 @aCN@b上海图书馆@c20040430
801  2 @aCN@bNLC@c20040430
905    @f2@b99521-522@dG633.3@e61
    
    霍懋征语文教学经验选编/高惠莹.-北京:人民教育出版社,1983
    337页;19cm
    
    
    ISBN :CNY1.05
    
●
相关链接 在E读中查询图书 在五车中查询图书 在当当中查询图书 在豆瓣中查询图书


正题名:霍懋征语文教学经验选编     索取号:G633.3/61         预约/预借

序号 登录号 条形码 馆藏地/架位号 状态 备注
1 0099521   000477727   密集书库/ [索取号:G633.3/61] 在馆    
2 0099522   000477683   密集书库/ [索取号:G633.3/61] 在馆    
3 0099523   000477647   第一样本阅览室/ [索取号:G633.3/61] 在馆    
唐山师范学院图书馆 欢迎您!
大连网信软件有限公司© 版权所有